Statistics for Movies General Knowledge #6

Click here to take the quiz!

General Stats

  • This quiz has been taken 120 times
  • The average score is 2 of 15

Answer Stats

QuestionAnswer% Correct
Who does the voice of Elsa in Disney's Frozen?Idina Menzel
50%
What movie starred Steve Martin and Michael Caine as conmen?Dirty Rotten Scoundrels
41%
Who played Mrs Robinson in the feature of the same title?Anne Bancroft
23%
Brad Pitt was in the IRA in which movie?Devil's Own
21%
Two actors from Armageddon appear in Pulp Fiction. Bruce Willis and ?Steve Buscemi
20%
Gone with the Wind won how many Oscars?Ten
15%
What movie first featured Leo Di Caprio and Mark Wahlberg?Basketball Diaries
13%
Who played the lead character in The Goodbye Girl?Richard Dreyfuss
10%
Who is the most nominated Irish actress in Oscar history?Saoirse Ronan
10%
Marlon Brando's first nomination was for playing which character?Stanley Kowalski
7%
Name that movie: "You have the right to an attorney. If you can't afford an attorney, we'll provide you with the dumbest fucking lawyer on earth. If you get Johnny Cochrane, I'll kill ya!"Lethal Weapon 4
4%
Robin Williams voiced a bat in which movie?Fern Gully: The Last Rainforest
3%
Who voiced the villain in the same movie?Tim Curry
3%
Who replaced Robin Williams as the voice of the Genie in the Aladinn sequel?Dan Castellaneta
1%
What was Jack Nicholson's last movie?How Do You Know?
1%

Score Distribution

Percentile by Number Answered

Percent of People with Each Score

Your Score History

You have not taken this quiz